000 01248nam a22003857a 4500
003 CHAP
005 20220817044402.0
008 101022s2010 it rn 00010 fre d
010 _a99529
011 _a100501
020 _a9789252063728
035 _a111187
040 _cCHAP
082 0 4 _a634.9
_bF3f v.157
110 2 _aFAO
245 1 0 _aLes conflits humains - faune en Afrique :
_bcauses, consequences et strategies de gestion
_c/por F. Lamarque ... [et al.]
260 _aRome :
_bFAO,
_c2010
300 _aix, 112 p. :
_bilus., gráfs., tablas
490 0 _aFAO. Montes
_v; 157
590 _aBATCH-UPD
_b10
_c20130110
_lUCH01
_h0849
590 _aBATCH-UPD
_b10
_c20130410
_lUCH01
_h0521
590 _aBATCH-UPD
_b10
_c20130914
_lUCH01
_h1052
590 _aCONVERSION
_b10
_c20130109
_lUCH01
_h1355
650 1 4 _aCosechas
_xPérdidas de.
_928443
650 1 4 _aDemografía.
_931742
650 1 4 _aEcología animal.
_935170
650 1 4 _aEcología humana.
650 1 4 _aRecursos naturales
_xConservación.
650 1 4 _aVida silvestre.
_9119155
700 1 _aLamarque, F.
_964536
830 0 _aFAO. Montes
_v; 157
_939632
901 _aBK
942 _cLIBRO
949 _a634.9 F3f v.157
_bBC
_cFAO
_d33724002218900
_eFAO1
_h113637
_i111187
_sb
999 _c99529
_d99529